Komparácia dopadov globálnej hospodárskej krízy na členské štáty EÚ bakalárska práca

Gespeichert in:
Bibliographische Detailangaben
1. Verfasser: Tutková, Patrícia
Körperschaft: Fakulta medzinárodných vzťahov EU. Katedra medzinárodných ekonomických vzťahov a hospodárskej diplomacie
Weitere Verfasser: Drutarovská, Jana, 1989-
Format: Buch
Sprache:Slowakisch
Veröffentlicht: Bratislava 2015
Tags: Tag hinzufügen
Keine Tags, Fügen Sie das erste Tag hinzu!

MARC

LEADER 00000nbm a2200000 4500
001 0202609
005 20161212100134.3
041 0 |a slo 
044 |a SK 
245 1 0 |a Komparácia dopadov globálnej hospodárskej krízy na členské štáty EÚ  |b bakalárska práca  |c Patrícia Tutková ; školiteľ: Jana Drutarovská 
264 1 |a Bratislava  |c 2015 
300 |a 42 s. 
100 1 |a Tutková, Patrícia 
700 1 |a Drutarovská, Jana, 1989- 
710 2 |a Fakulta medzinárodných vzťahov EU. Katedra medzinárodných ekonomických vzťahov a hospodárskej diplomacie